01351nam a2200229 450000100060000000300080000600500170001400800420003102000150007303500190008804000170010704100080012408200310013210001380016324503950030126001650069630000470086165000430090894200120095199900170096395201410098054850BD-RjUL20211209080158.0161112s1987 ph ||||| |||| 00| 0 eng d a9711042037 a(BD-RjUL)54972 bENGcBD-RjUL aENG 223a614.43091724bVEC 1987 a International Rice Research Institute.; Joint WHO/FAO/UNEP Panel of Experts on Environmental Management for Vector Control.916351511aVector-borne disease control in humans through rice agroecosystem management : b proceedings of the Workshop on Research and Training Needs in the Field of Integrated Vector-Borne Disease Control in Riceland Agroecosystems of Developing Countries, 9-14 March 1987/cInternational Rice Research Institute.; Joint WHO/FAO/UNEP Panel of Experts on Environmental Management for Vector Control. aManila : bInternational Rice Research Institute in collaboration with the WHO/FAO/UNEP Panel of Experts on Environmental Management for Vector Control,c 1988. axviii, 237 p. :b illustrations ; c24 cm. aRice--Ecology vVector control9163512 2ddccBK c54850d54850 00102ddc4071aIBScbIBSccInstitute Libraryd2016-11-12ePurchasel0o614.43091724 VEC 1987r2016-11-12 00:00:00tC-1w2016-11-12yBK